| Tag |
First Indicator |
Second Indicator |
Subfields |
| LEADER |
00000cam a2200000 a 4500 |
| 001 |
in00002786676 |
| 005 |
20151202172134.0 |
| 008 |
060606s2003 enka 000 0 eng c |
| 035 |
|
|
|a (OCoLC)ocm69984131
|
| 035 |
|
|
|a (OCoLC)69984131
|
| 040 |
|
|
|a EQO
|c EQO
|d TXA
|d UtOrBLW
|
| 042 |
|
|
|a pcc
|
| 043 |
|
|
|a e-uk---
|
| 049 |
|
|
|a TXAM
|
| 050 |
|
4 |
|a HE243.A2
|b M39 2003
|
| 100 |
1 |
|
|a May, A. D.
|q (Anthony Dormer),
|d 1944-
|
| 245 |
1 |
0 |
|a In search of sustainable urban transport strategies /
|c Tony May.
|
| 264 |
|
1 |
|a Wokingham :
|b Transport Research Foundation,
|c 2004.
|
| 300 |
|
|
|a 28 pages :
|b illustrations ;
|c 30 cm.
|
| 336 |
|
|
|a text
|b txt
|2 rdacontent
|
| 337 |
|
|
|a unmediated
|b n
|2 rdamedia
|
| 338 |
|
|
|a volume
|b nc
|2 rdacarrier
|
| 490 |
1 |
|
|a Transport Research Foundation fellowship lecture
|
| 500 |
|
|
|a "Lecture delivered 5th June 2003, Great Woodhouse Room, Leeds University."
|
| 650 |
|
0 |
|a Transportation
|x Environmental aspects
|z Great Britain.
|
| 650 |
|
0 |
|a Transportation
|x Research
|z Great Britain.
|
| 650 |
|
0 |
|a Sustainable development
|z Great Britain.
|
| 710 |
2 |
|
|a Transport Research Foundation (Great Britain)
|
| 830 |
|
0 |
|a Transport Research Foundation fellowship lecture.
|
| 948 |
|
|
|a cataloged
|b h
|c 2012/12/18
|d c
|e mwilson
|f 3:29:49 pm
|
| 994 |
|
|
|a C0
|b TXA
|
| 999 |
|
|
|a MARS
|
| 999 |
f |
f |
|s ef045ca7-a1a3-3c81-8f10-001d6f0309b9
|i 3686a170-e708-36a7-a27e-9d75e159a357
|t 0
|
| 952 |
f |
f |
|p ric
|a Texas A&M University
|b Rellis Campus
|c Joint Library Facility
|d Remote Storage
|t 0
|e HE243.A2 M39 2003
|h Library of Congress classification
|i unmediated -- volume
|m A14841528179
|
| 998 |
f |
f |
|a HE243.A2 M39 2003
|t 0
|l Remote Storage
|